000 00205 a2200097 4500
001 1386
100 _aPolukhin, P.
245 _aMetal process engineering
260 _a
_bPeace pubs
_c
090 _c934
_d934
942 _aNUST-CAE
_cM
_c36200
999 _c236459
_d236459